000
00309nam a2200121Ia 4500
008
220204s9999 xx 000 0 und d
082
_a
678.5:678.029.8
_b
AHM
100
_a
Ahmed, Mukhtar
245
0
_a
Coloring of plastics
260
_a
New York
_b
Van Nostrand
_c
1979
650
_a
Man made fibres
942
_c
BK
999
_c
32307
_d
32307